Luật báo chí
Những quy định chung và quyền tự do báo chí, quyền tự do ngôn luận trên báo chí của công dân, tổ chức báo chí....
Đã lưu trong:
| Format: | Bog |
|---|---|
| Sprog: | Vietnamese |
| Udgivet: |
H.
Chính trị quốc gia sự thật
2017
|
| Fag: | |
| Tags: |
Tilføj Tag
Ingen Tags, Vær først til at tagge denne postø!
|
| Thư viện lưu trữ: | Thư viện Trường Đại học Nam Cần Thơ |
|---|
| LEADER | 02264nam a22002897a 4500 | ||
|---|---|---|---|
| 001 | NCT_56439 | ||
| 008 | 190107b xxu||||| |||| 00| 0 vie d | ||
| 999 | |c 2726 |d 2726 | ||
| 020 | |a 9786045724477 |c 20000 | ||
| 082 | 0 | 4 | |2 23rd ed. |a 343.597099 |b L504B |
| 245 | 0 | 0 | |a Luật báo chí |
| 260 | |a H. |b Chính trị quốc gia sự thật |c 2017 | ||
| 300 | |a 92 tr. |c 19cm | ||
| 520 | |a Những quy định chung và quyền tự do báo chí, quyền tự do ngôn luận trên báo chí của công dân, tổ chức báo chí.... | ||
| 653 | |a Luật học | ||
| 942 | |2 ddc |c BK | ||
| 952 | |0 0 |1 0 |2 ddc |4 0 |6 343_597099000000000_L504B |7 0 |9 15041 |a 000001 |b 000001 |d 2019-01-07 |o 343.597099 L504B |p MD.13851 |r 2019-01-07 |v 20000.00 |w 2019-01-07 |y BK | ||
| 952 | |0 0 |1 0 |2 ddc |4 0 |6 343_597099000000000_L504B |7 0 |9 15042 |a 000001 |b 000001 |d 2019-01-07 |o 343.597099 L504B |p MD.13852 |r 2019-01-07 |v 20000.00 |w 2019-01-07 |y BK | ||
| 952 | |0 0 |1 0 |2 ddc |4 0 |6 343_597099000000000_L504B |7 0 |9 15043 |a 000001 |b 000001 |d 2019-01-07 |o 343.597099 L504B |p MD.13853 |r 2019-01-07 |v 20000.00 |w 2019-01-07 |y BK | ||
| 952 | |0 0 |1 0 |2 ddc |4 0 |6 343_597099000000000_L504B |7 0 |9 15044 |a 000001 |b 000001 |d 2019-01-07 |o 343.597099 L504B |p MD.13854 |r 2019-01-07 |v 20000.00 |w 2019-01-07 |y BK | ||
| 952 | |0 0 |1 0 |2 ddc |4 0 |6 343_597099000000000_L504B |7 0 |9 15045 |a 000001 |b 000001 |d 2019-01-07 |o 343.597099 L504B |p MD.13855 |r 2019-01-07 |v 20000.00 |w 2019-01-07 |y BK | ||
| 952 | |0 0 |1 0 |2 ddc |4 0 |6 343_597099000000000_L504B |7 0 |9 15046 |a 000001 |b 000001 |d 2019-01-07 |o 343.597099 L504B |p MD.13856 |r 2019-01-07 |v 20000.00 |w 2019-01-07 |y BK | ||
| 952 | |0 0 |1 0 |2 ddc |4 0 |6 343_597099000000000_L504B |7 0 |9 15047 |a 000001 |b 000001 |d 2019-01-07 |o 343.597099 L504B |p MD.13857 |r 2019-01-07 |v 20000.00 |w 2019-01-07 |y BK | ||
| 952 | |0 0 |1 0 |2 ddc |4 0 |6 343_597099000000000_L504B |7 0 |9 15048 |a 000001 |b 000001 |d 2019-01-07 |o 343.597099 L504B |p MD.13858 |r 2019-01-07 |v 20000.00 |w 2019-01-07 |y BK | ||
| 952 | |0 0 |1 0 |2 ddc |4 0 |6 343_597099000000000_L504B |7 0 |9 15049 |a 000001 |b 000001 |d 2019-01-07 |o 343.597099 L504B |p MD.13859 |r 2019-01-07 |v 20000.00 |w 2019-01-07 |y BK | ||
| 952 | |0 0 |1 0 |2 ddc |4 0 |6 343_597099000000000_L504B |7 0 |9 15050 |a 000001 |b 000001 |d 2019-01-07 |o 343.597099 L504B |p MD.13860 |r 2019-01-07 |v 20000.00 |w 2019-01-07 |y BK | ||
| 980 | |a Thư viện Trường Đại học Nam Cần Thơ | ||


